00665nam a2200169 a 4500001000400000003000900004008004100013040002800054082001700082100002000099245003700119260003600156300001000192490001600202505024700218650003000465916CO-ViMGA141112s2004 ck r 000 u spa d aCO-ViMGAbspacCO-ViMGA04a620.112 D3511 aDelachet, Andre10aLa resistencia de los materiales aBarcelona ; Oikos - tau, c1970 a127 p aQue se?, 18 aLa estática gráfica 9 - - Sistemas isostáticos e hiperestaticos 26 - - Equilibrio en construcciones de albañileria 41 - - Estado actual de las nociones de elasticidad y plasticidad 72 - - Análisis matemático de los esfuerzos 107 14aRESISTENCIA DE MATERIALES